[Event "African Individual Championship"]
[Site "?"]
[Date "2005.11.10"]
[Round "5"]
[White "Lungu, N (ZAM)."]
[Black "Elgabry, M (EGY)."]
[Result "1-0"]
[WhiteElo "2265"]
[BlackElo "2333"]
[PlyCount "105"]
[EventDate "2005.11.04"]
[SourceDate "2005.11.05"]

1. d4 Nf6 2. c4 e6 3. Nc3 c5 4. d5 exd5 5. cxd5 Bd6 6. Nf3 O-O 7. Nd2 Bc7 8. e4
d6 9. Bd3 a6 10. a4 Nbd7 11. f4 Re8 12. O-O Ba5 13. Qf3 Nf8 14. Nc4 Ng6 15. Bd2
Bc7 16. Rae1 Rb8 17. a5 Bxa5 18. e5 Bxc3 19. Bxc3 Nh4 20. Qf2 Nxd5 21. Nxd6 Rf8
22. f5 Nxc3 23. bxc3 Qg5 24. Re4 Nxf5 25. Nxf5 Bxf5 26. Qxf5 Qxf5 27. Rxf5 Rbd8
28. Re3 b5 29. e6 fxe6 30. Rxc5 Rd6 31. h3 g6 32. Bc2 Rf7 33. Rc8+ Rf8 34. Rc7
Rf7 35. Rc8+ Rf8 36. Rc5 Kg7 37. Bb3 Rf6 38. Rc7+ Rf7 39. Rc5 Rf6 40. c4 bxc4
41. Bxc4 Rf5 42. Rxf5 exf5 43. Ra3 h5 44. Rxa6 Rxa6 45. Bxa6 h4 46. Kf2 Kf6 47.
Kf3 g5 48. Bc8 Ke5 49. Ke3 Kf6 50. Kd4 g4 51. hxg4 fxg4 52. Bxg4 Kg5 53. Bh3
1-0

[Event "African Individual Championship"]
[Site "?"]
[Date "2005.11.10"]
[Round "5"]
[White "Kobese, AKW (RSA)."]
[Black "Chambule, PL (MOZ)."]
[Result "1-0"]
[WhiteElo "2400"]
[BlackElo "2192"]
[PlyCount "69"]
[EventDate "2005.11.04"]
[SourceDate "2005.11.05"]

1. e4 e5 2. Nf3 Nf6 3. Nxe5 d6 4. Nf3 Nxe4 5. d4 d5 6. Bd3 Nc6 7. O-O Be7 8. c4
Nb4 9. Be2 O-O 10. a3 Nc6 11. cxd5 Qxd5 12. Nc3 Nxc3 13. bxc3 Bf5 14. c4 Qe4
15. Ra2 Rfe8 16. d5 Na5 17. Re1 Kf8 18. Bf1 Qg4 19. h3 Qg6 20. Ne5 Qd6 21. Bd2
b6 22. Qf3 Bg6 23. Bb4 Qd8 24. Bd3 Bxb4 25. Bxg6 f6 26. axb4 hxg6 27. bxa5 Qd6
28. Rae2 Kg8 29. Nxg6 Rxe2 30. Rxe2 bxa5 31. Qh5 Qa3 32. Ne7+ Kf8 33. Qh8+ Kf7
34. Qxa8 Qa1+ 35. Kh2 1-0

[Event "African Individual Championship"]
[Site "?"]
[Date "2005.11.10"]
[Round "5"]
[White "Cawdery, DJ (RSA)."]
[Black "Bouah, LJ (RSA)."]
[Result "1/2-1/2"]
[WhiteElo "2229"]
[BlackElo "2134"]
[PlyCount "42"]
[EventDate "2005.11.04"]
[SourceDate "2005.11.05"]

1. e4 c5 2. Nf3 Nc6 3. Bc4 e6 4. Nc3 Nf6 5. d4 cxd4 6. Nxd4 Qc7 7. Nxc6 dxc6 8.
O-O e5 9. a4 Be7 10. h3 O-O 11. Be3 Re8 12. Qf3 Bf8 13. Ne2 Be6 14. Bxe6 Rxe6
15. Ng3 g6 16. Rfd1 Be7 17. Qe2 h5 18. Qc4 Rd6 19. Ne2 Qd7 20. Nc3 Qe6 21. Qe2
Rxd1+ 1/2-1/2

[Event "African Individual Championship"]
[Site "?"]
[Date "2005.11.11"]
[Round "6"]
[White "Domingos, C (ANG)."]
[Black "Kobese, AKW (RSA)."]
[Result "1/2-1/2"]
[WhiteElo "2240"]
[BlackElo "2400"]
[PlyCount "130"]
[EventDate "2005.11.04"]
[SourceDate "2005.11.05"]

1. e4 c5 2. Nf3 Nc6 3. d4 cxd4 4. Nxd4 Qb6 5. Nb3 Nf6 6. Nc3 e6 7. a3 a6 8. Be2
Be7 9. O-O d6 10. Kh1 Qc7 11. f4 b5 12. Bf3 Bb7 13. Be3 h6 14. Nd4 Na5 15. Qe1
h5 16. Rd1 Nc4 17. Bc1 Nd7 18. b3 Ncb6 19. Bb2 Nf6 20. e5 dxe5 21. fxe5 Ng4 22.
Bxb7 Qxb7 23. Ne4 Nd5 24. Bc1 Nde3 25. Bxe3 Qxe4 26. Bf4 Qxe1 27. Rdxe1 Bxa3
28. h3 Bc5 29. Nf3 Nh6 30. Bxh6 gxh6 31. Re4 Be7 32. Rf4 O-O 33. b4 Rac8 34.
Ra1 Rc6 35. Nd4 Rc4 36. c3 Rxc3 37. Rxa6 Rc1+ 38. Kh2 Rc4 39. Ne2 Rc2 40. Nd4
Bg5 41. Rxf7 Rxf7 42. Nxc2 Rf2 43. Rc6 h4 44. Kg1 Rd2 45. Kf1 Bf4 46. Na3 Bg3
47. Rc2 Rd1+ 48. Ke2 Re1+ 49. Kd3 Rxe5 50. Rc5 Re1 51. Nxb5 Rb1 52. Nd4 e5 53.
Nf3 Rb3+ 54. Ke2 e4 55. Nd2 Rxb4 56. Rc4 Rb2 57. Rxe4 Kf7 58. Rd4 Ke6 59. Kf3
h5 60. Rd3 Ra2 61. Ne4 Be5 62. Nd2 Kf5 63. Rd8 Ra3+ 64. Kf2 Rg3 65. Nf3 Bf6
1/2-1/2

[Event "African Individual Championship"]
[Site "?"]
[Date "2005.11.11"]
[Round "6"]
[White "Rizouk, A (ALG)."]
[Black "Aderito, P (ANG)."]
[Result "1-0"]
[WhiteElo "2499"]
[BlackElo "2288"]
[PlyCount "113"]
[EventDate "2005.11.04"]
[SourceDate "2005.11.05"]

1. e4 c5 2. Nf3 Nc6 3. d4 cxd4 4. Nxd4 e5 5. Nb5 a6 6. Nd6+ Bxd6 7. Qxd6 Qf6 8.
Qd1 Qg6 9. Nc3 Nf6 10. f3 d5 11. Nxd5 Nxd5 12. Qxd5 O-O 13. c3 Be6 14. Qd2 f6
15. Bd3 Rad8 16. O-O Qf7 17. b3 Rd7 18. Qe2 Rfd8 19. Rd1 Qe7 20. Be3 b5 21.
Rac1 Qa3 22. Bb1 Kf7 23. Rxd7+ Rxd7 24. Rd1 Rxd1+ 25. Qxd1 g5 26. Qd2 a5 27.
Kf2 Ne7 28. Bb6 Nc8 29. Be3 Ne7 30. Ke2 h6 31. Qc1 Qd6 32. Bd3 Qc6 33. Kd2 f5
34. Qa3 a4 35. Qb4 axb3 36. axb3 Qa6 37. Bc2 f4 38. Bc5 Ng6 39. Bf2 h5 40. Qc5
g4 41. Qc7+ Kg8 42. Bb6 Bf7 43. Bc5 Kg7 44. Bd6 Kf6 45. Qd7 Be6 46. Qd8+ Kf7
47. Qb8 gxf3 48. gxf3 Nh4 49. Bxe5 Nxf3+ 50. Ke2 Ng1+ 51. Kd3 b4+ 52. c4 Bxc4+
53. bxc4 Qa3+ 54. Kd4 Qe3+ 55. Kd5 Qd2+ 56. Bd4 Ne2 57. Qc7+ 1-0

[Event "African Individual Championship"]
[Site "?"]
[Date "2005.11.11"]
[Round "6"]
[White "Sousa, S (ANG)."]
[Black "Ismail, H (EGY)."]
[Result "1/2-1/2"]
[WhiteElo "2214"]
[BlackElo "2353"]
[Annotator "vd,Gunther"]
[PlyCount "100"]
[EventDate "2005.11.04"]
[SourceDate "2005.11.05"]

1. e4 c6 2. d3 d5 3. Nd2 e5 4. Ngf3 Bd6 5. g3 Nf6 6. Bg2 Bg4 7. h3 Bh5 8. O-O
O-O 9. Re1 Re8 10. c3 Nbd7 11. Qc2 Bf8 12. Nf1 dxe4 13. dxe4 Nc5 14. Bg5 h6 15.
Rad1 Qe7 16. Bc1 Rad8 17. Rd2 Rxd2 18. N1xd2 Rd8 19. Bf1 Nfd7 20. b4 Ne6 21.
Bg2 b5 22. a4 a6 23. axb5 cxb5 24. Nf1 Rc8 25. Qd3 Nb6 26. Ne3 Qc7 27. Bd2 Rd8
28. Nd5 Qd6 29. Nh4 Nc7 30. Nf5 Qe6 31. g4 Bg6 32. Rd1 Nc4 33. Bc1 Kh8 34. Qe2
Qc8 35. Nde7 Rxd1+ 36. Qxd1 Qe8 37. Nxg6+ fxg6 38. Ne3 Nd6 39. Nd5 Ne6 40. Be3
Qc6 41. Qf3 g5 42. h4 gxh4 43. Bxh6 Qe8 44. Be3 Qg6 45. Bc5 Kg8 46. Bxd6 Bxd6
47. Qf5 Qf7 48. Bf1 g6 49. Qxf7+ Kxf7 50. c4 Nd4 {Notation unclear} 1/2-1/2

[Event "African Individual Championship"]
[Site "?"]
[Date "2005.11.11"]
[Round "6"]
[White "Elgabry, M (EGY)."]
[Black "Njobvu, I (BOT)."]
[Result "1-0"]
[WhiteElo "2333"]
[BlackElo "2220"]
[PlyCount "133"]
[EventDate "2005.11.04"]
[SourceDate "2005.11.05"]

1. d4 d5 2. Nf3 Nf6 3. e3 e6 4. Bd3 c5 5. c3 Nc6 6. Nbd2 Qc7 7. O-O cxd4 8.
exd4 Bd6 9. Re1 Bf4 10. Nf1 O-O 11. g3 Bxc1 12. Rxc1 b6 13. Ne5 Bb7 14. Nd2
Nxe5 15. dxe5 Nd7 16. Nb3 Nc5 17. Nd4 Nxd3 18. Qxd3 Qc4 19. Qb1 a5 20. Re3 b5
21. Rce1 b4 22. g4 g6 23. Rh3 Kh8 24. Qc1 Rg8 25. b3 Qc5 26. Qf4 Rg7 27. Qd2
Rc8 28. Ree3 Ba6 29. f4 Qb6 30. Kf2 bxc3 31. Rxc3 Rgg8 32. Rxc8 Rxc8 33. Rc3
Kg7 34. Rxc8 Bxc8 35. Qc3 Bd7 36. a3 Kf8 37. b4 axb4 38. Qxb4+ Qxb4 39. axb4 h6
40. Ke3 Ke7 41. Ne2 Bb5 42. Nc3 Bf1 43. Kd4 Kd7 44. Kc5 Kc7 45. g5 h5 46. b5
Bc4 47. Nb1 Be2 48. Nd2 Bd1 49. h4 Kb7 50. Kd6 d4 51. Kc5 d3 52. Nc4 Be2 53.
Kd6 Bg4 54. Ke7 Bf5 55. Kxf7 Kc7 56. Ke7 Bg4 57. b6+ Kc6 58. Kd8 d2 59. Nxd2
Kxb6 60. Nc4+ Kc5 61. Ne3 Kd4 62. f5 gxf5 63. Nxg4 f4 64. g6 hxg4 65. g7 g3 66.
g8=Q Ke3 67. Qg4 1-0

[Event "African Individual Championship"]
[Site "?"]
[Date "2005.11.11"]
[Round "6"]
[White "Solomon, KT (RSA)."]
[Black "Chumfwa, S (ZAM)."]
[Result "0-1"]
[WhiteElo "2353"]
[BlackElo "2303"]
[PlyCount "84"]
[EventDate "2005.11.04"]
[SourceDate "2005.11.05"]

1. d4 Nf6 2. c4 e6 3. Nf3 b6 4. g3 Ba6 5. b3 Bb7 6. Bg2 Bb4+ 7. Bd2 a5 8. O-O
O-O 9. Nc3 d6 10. a3 Bxc3 11. Bxc3 Nbd7 12. Qc2 c5 13. Rfd1 Qc7 14. a4 Rac8 15.
Qb2 Rfe8 16. Rac1 Ne4 17. Be1 Nb8 18. d5 exd5 19. cxd5 Na6 20. Nh4 Nb4 21. Nf5
f6 22. h4 Re5 23. Nd4 Qd7 24. f3 Nxd5 25. Nc2 Nxg3 26. Bxg3 Rxe2 27. Re1 Nf4
28. Rxe2 Nxe2+ 29. Kf2 Nxc1 30. Qxc1 Re8 31. Qd2 d5 32. Ne3 Qe6 33. Bf1 Kh8 34.
Bb5 Re7 35. Ng2 d4 36. Bc4 Qf5 37. Qd3 Qxd3 38. Bxd3 Bd5 39. Bc4 Bxc4 40. bxc4
g5 41. hxg5 fxg5 42. f4 d3 0-1

[Event "African Individual Championship"]
[Site "?"]
[Date "2005.11.11"]
[Round "6"]
[White "Adly, A (EGY)."]
[Black "Belkhodja, S (TUN)."]
[Result "1/2-1/2"]
[WhiteElo "2480"]
[BlackElo "2490"]
[PlyCount "59"]
[EventDate "2005.11.04"]
[SourceDate "2005.11.05"]

1. d4 d6 2. Nf3 Nf6 3. c4 g6 4. g3 Bg7 5. Bg2 O-O 6. Nc3 Nbd7 7. O-O e5 8. e4
a6 9. h3 b5 10. cxb5 axb5 11. dxe5 dxe5 12. Bg5 Bb7 13. Re1 c6 14. b4 Qe7 15.
Qb3 h6 16. Be3 Ne8 17. a4 Nd6 18. Nd2 Ba6 19. Bf1 Rfb8 20. axb5 Bxb5 21. Nxb5
Nxb5 22. Rxa8 Rxa8 23. Bxb5 cxb5 24. Qd5 Rb8 25. Ra1 Nf6 26. Qb3 Qd7 27. Ra7
Rb7 28. Rxb7 Qxb7 29. Qd3 Bf8 30. Qd8 1/2-1/2

[Event "African Individual Championship"]
[Site "?"]
[Date "2005.11.11"]
[Round "6"]
[White "Frhat, A (EGY)."]
[Black "Lungu, N (ZAM)."]
[Result "1/2-1/2"]
[WhiteElo "2306"]
[BlackElo "2265"]
[PlyCount "48"]
[EventDate "2005.11.04"]
[SourceDate "2005.11.05"]

1. e4 d6 2. d4 e5 3. dxe5 dxe5 4. Qxd8+ Kxd8 5. Be3 Be6 6. Nd2 Nd7 7. Bc4 Bxc4
8. Nxc4 b5 9. Nd2 Bc5 10. Bxc5 Nxc5 11. Ne2 Nf6 12. f3 c6 13. Nb3 Na4 14.
O-O-O+ Kc7 15. g4 Rad8 16. Ng3 g6 17. h4 h5 18. g5 Rxd1+ 19. Rxd1 Nd7 20. Ne2
Rf8 21. Nd2 Nac5 22. b4 Ne6 23. c4 bxc4 24. Nxc4 f6 1/2-1/2

[Event "African Individual Championship"]
[Site "?"]
[Date "2005.11.11"]
[Round "6"]
[White "Chambule, PL (MOZ)."]
[Black "Cawdery, DJ (RSA)."]
[Result "0-1"]
[WhiteElo "2192"]
[BlackElo "2229"]
[PlyCount "108"]
[EventDate "2005.11.04"]
[SourceDate "2005.11.05"]

1. e4 c5 2. Nf3 e6 3. d4 cxd4 4. Nxd4 a6 5. Be2 Nf6 6. Nc3 Bb4 7. f3 Qc7 8. Bd2
Nc6 9. Nb3 Ne5 10. a3 Be7 11. Be3 Nc4 12. Bxc4 Qxc4 13. Bb6 Qc6 14. Qd4 e5 15.
Qf2 d5 16. exd5 Nxd5 17. Nxd5 Qxd5 18. O-O Bf5 19. Rfd1 Qe6 20. Re1 O-O 21. Bc5
Rfc8 22. Bxe7 Qxe7 23. c3 Qc7 24. Rad1 f6 25. Nc1 Rd8 26. Ne2 Qc4 27. Ng3 Bg6
28. Qb6 Rd3 29. Rxd3 Qxd3 30. Qb3+ Bf7 31. Qxb7 Rd8 32. Qe4 Qb5 33. Qb4 Qd3 34.
Qe4 Qd2 35. Qe2 Qd6 36. Nf5 Qb6+ 37. Qf2 Qe6 38. Ne3 Qb3 39. Qe2 Qb6 40. Kh1
Bb3 41. h3 a5 42. Rc1 a4 43. Nc2 Qd6 44. Nb4 Qc5 45. Nd3 Qc4 46. Nf4 Qxf4 47.
Re1 h5 48. Qf2 Qd2 49. Re2 Qc1+ 50. Kh2 Rd1 51. g4 Bc4 52. Rc2 Qf4+ 53. Kg2 Bd3
54. Re2 Bxe2 0-1

[Event "African Individual Championship"]
[Site "?"]
[Date "2005.11.11"]
[Round "6"]
[White "Masango, S (ZIM)."]
[Black "Mandizha, F (ZIM)."]
[Result "0-1"]
[WhiteElo "2140"]
[BlackElo "2242"]
[PlyCount "76"]
[EventDate "2005.11.04"]
[SourceDate "2005.11.05"]

1. d4 Nf6 2. c4 g6 3. Nc3 Bg7 4. Bf4 d6 5. e3 O-O 6. Nf3 Nbd7 7. h3 c6 8. Be2
Qa5 9. O-O e5 10. Bh2 Re8 11. Re1 Nf8 12. a3 N6d7 13. b4 Qd8 14. Qb3 a5 15.
Rad1 axb4 16. axb4 Qb6 17. Ne4 c5 18. Rb1 Qc6 19. b5 Qb6 20. Rbd1 cxd4 21. exd4
exd4 22. Nxd6 Nc5 23. Qb1 Re6 24. Nxc8 Rxc8 25. Bf1 Na4 26. Rxe6 Nxe6 27. Re1
Nc3 28. Qc1 Ra8 29. Ne5 Ra2 30. Nd3 Qa5 31. Bd6 Qd8 32. Bg3 Bf8 33. Ne5 g5 34.
c5 Bxc5 35. Bc4 Ba3 36. Nxf7 Kxf7 37. Bxe6+ Kf8 38. Bd6+ Qxd6 0-1

[Event "African Individual Championship"]
[Site "?"]
[Date "2005.11.11"]
[Round "6"]
[White "Simutowe, A (ZAM)."]
[Black "Jere, D (ZAM)."]
[Result "1-0"]
[WhiteElo "2458"]
[BlackElo "2195"]
[PlyCount "91"]
[EventDate "2005.11.04"]
[SourceDate "2005.11.05"]

1. d4 Nf6 2. c4 g6 3. Nc3 Bg7 4. e4 d6 5. Be2 O-O 6. Be3 Na6 7. g4 c5 8. d5 e6
9. g5 Ne8 10. h4 Qa5 11. Qd2 Nec7 12. h5 exd5 13. cxd5 Rb8 14. Nf3 Bg4 15. Nh2
Bxe2 16. Kxe2 Nb5 17. Rac1 Nd4+ 18. Kf1 Nb4 19. b3 Qa6+ 20. Kg2 Qd3 21. Rhd1
Qxd2 22. Rxd2 Rfe8 23. hxg6 fxg6 24. Ng4 Rf8 25. Bxd4 Bxd4 26. Nb5 Rf4 27. Nh6+
Kh8 28. Nxd4 cxd4 29. Rxd4 Na6 30. Rc3 Rbf8 31. f3 Rh4 32. Kg3 Rh1 33. Ng4 Ra1
34. Rd2 Re1 35. b4 Nxb4 36. Rb2 a5 37. a3 Na6 38. Rxb7 Nc5 39. Rxc5 Rg1+ 40.
Kh2 Rxg4 41. fxg4 dxc5 42. d6 Rd8 43. e5 Kg8 44. e6 Ra8 45. d7 Kf8 46. d8=Q+
1-0

[Event "African Individual Championship"]
[Site "?"]
[Date "2005.11.12"]
[Round "7"]
[White "Chumfwa, S (ZAM)."]
[Black "El Taher, F (EGY)."]
[Result "1-0"]
[WhiteElo "2303"]
[BlackElo "2482"]
[Annotator "vd,Gunther"]
[PlyCount "108"]
[EventDate "2005.11.04"]
[SourceDate "2005.11.05"]

1. e4 e5 2. Nf3 Nc6 3. Bb5 a6 4. Ba4 Nf6 5. O-O Be7 6. Re1 b5 7. Bb3 d6 8. c3
O-O 9. h3 Na5 10. Bc2 c5 11. d4 Qc7 12. Nbd2 cxd4 13. cxd4 Nc6 14. Nb3 a5 15.
Be3 a4 16. Nbd2 Bd7 17. Rc1 Qb7 18. Nf1 Rfe8 19. Ng3 h6 20. Qd2 Bf8 21. d5 Ne7
22. b3 axb3 23. axb3 Ra2 24. Qb4 Ng6 25. Ne2 Rb8 26. Nc3 Raa8 27. Bb1 Ne8 28.
Na2 Nc7 29. Qd2 Na6 30. Nb4 Nxb4 31. Qxb4 Be7 32. Re2 Ra6 33. Qe1 Ra3 34. Rb2
Bd8 35. Bd2 Ra6 36. Ra2 Rba8 37. Rxa6 Rxa6 38. Nh2 Bb6 39. Be3 Bxe3 40. Qxe3
Nf4 41. Nf1 b4 42. Ng3 Bb5 43. Qd2 Rb6 44. Kh2 Kh7 45. Qe3 g6 46. Rc8 Bd7 47.
Rc1 Bb5 48. Bc2 Kg7 49. Bd1 Qa6 50. Bg4 h5 51. Bxh5 Qb7 52. Be2 Ra6 53. Bc4 Ra2
54. Bxb5 Qxb5 {Notation unclear} 1-0

[Event "African Individual Championship"]
[Site "?"]
[Date "2005.11.12"]
[Round "7"]
[White "Ismail, H (EGY)."]
[Black "Domingos, C (ANG)."]
[Result "0-1"]
[WhiteElo "2353"]
[BlackElo "2240"]
[PlyCount "166"]
[EventDate "2005.11.04"]
[SourceDate "2005.11.05"]

1. d4 d5 2. c4 e6 3. Nc3 Nf6 4. e3 Be7 5. Nf3 O-O 6. Qc2 c5 7. Be2 Nc6 8. dxc5
Bxc5 9. O-O dxc4 10. Bxc4 a6 11. a3 Qe7 12. Bd3 h6 13. b4 Ba7 14. Bb2 e5 15. h3
Be6 16. Ne4 Nd7 17. Ng3 Rac8 18. Qb1 Bb8 19. Be4 Rfe8 20. Rc1 Red8 21. Bxc6
bxc6 22. Qe4 c5 23. Qb7 Rc7 24. Qxa6 cxb4 25. axb4 Qxb4 26. Ba3 Qb7 27. Qd3
Rxc1+ 28. Rxc1 Rc8 29. Rb1 Qc7 30. Qe2 Qa5 31. Bb2 Qb4 32. Rd1 Qb3 33. Rd2 Qa4
34. e4 Rc4 35. Qd3 Bc7 36. Ba3 Ba5 37. Bd6 Bxd2 38. Qxd2 Qc2 39. Qxc2 Rxc2 40.
Bxe5 Rc1+ 41. Kh2 Nc5 42. Bf4 Rc4 43. Ne5 Ra4 44. f3 f6 45. Ng4 Ra2 46. Kg1 Nd3
47. Be3 Kf7 48. f4 Ra1+ 49. Kh2 Bc8 50. Nf2 Nxf2 51. Bxf2 Ra4 52. Be3 Bb7 53.
Kg1 Bxe4 54. Nxe4 Rxe4 55. Kf2 f5 56. Kf3 Ke6 57. Bc5 Rc4 58. Bf8 Kf7 59. Bd6
Rc3+ 60. Kf2 h5 61. Be5 Ra3 62. Bc7 g6 63. Bd6 Rb3 64. Bc7 Ke6 65. Ke2 Kd5 66.
Kf2 Ke4 67. Bd6 Rd3 68. Bc7 Rc3 69. Bd6 Rc6 70. Bb8 Rc2+ 71. Kg3 Ke3 72. Ba7+
Ke2 73. Kh4 Kf1 74. g4 hxg4 75. hxg4 Rg2 76. gxf5 gxf5 77. Bb8 Kf2 78. Be5 Kf3
79. Kh3 Rg4 80. Kh2 Rxf4 81. Bxf4 Kxf4 82. Kg1 Kf3 83. Kf1 f4 0-1

[Event "African Individual Championship"]
[Site "?"]
[Date "2005.11.12"]
[Round "7"]
[White "Kobese, AKW (RSA)."]
[Black "Elgabry, M (EGY)."]
[Result "1-0"]
[WhiteElo "2400"]
[BlackElo "2333"]
[PlyCount "77"]
[EventDate "2005.11.04"]
[SourceDate "2005.11.05"]

1. e4 c5 2. Nf3 d6 3. d4 cxd4 4. Nxd4 Nf6 5. Nc3 a6 6. Bc4 e6 7. Bb3 Be7 8. g4
h6 9. Be3 b5 10. Qe2 Bb7 11. f3 Nc6 12. O-O-O Qc7 13. h4 Nd7 14. Bxe6 fxe6 15.
Nxe6 Qa5 16. Nxg7+ Kd8 17. Nf5 Nce5 18. Nxd6 Bxd6 19. Rxd6 Nc4 20. Rd4 Qb4 21.
Nd1 Rc8 22. b3 Qa3+ 23. Kb1 Nce5 24. Bc1 Qc5 25. Bb2 Re8 26. Ne3 Kc7 27. Nf5
Re6 28. Rhd1 Bc6 29. f4 Nf7 30. Ng3 Rce8 31. g5 hxg5 32. hxg5 Nxg5 33. fxg5
Qxg5 34. Qh2 Qh6 35. Qf2 Ne5 36. Nf5 Qf8 37. Rd6 Rxd6 38. Qa7+ Bb7 39. Nxd6 1-0

[Event "African Individual Championship"]
[Site "?"]
[Date "2005.11.12"]
[Round "7"]
[White "Aderito, P (ANG)."]
[Black "Sousa, S (ANG)."]
[Result "1-0"]
[WhiteElo "2288"]
[BlackElo "2214"]
[PlyCount "63"]
[EventDate "2005.11.04"]
[SourceDate "2005.11.05"]

1. d4 Nf6 2. c4 g6 3. Nc3 Bg7 4. e4 d6 5. Nf3 O-O 6. Be2 e5 7. O-O Nc6 8. d5
Ne7 9. b4 Nd7 10. Be3 h6 11. Nd2 f5 12. f3 f4 13. Bf2 Nf6 14. c5 Bd7 15. Nc4
Nc8 16. a4 g5 17. Qb3 Rf7 18. Na5 b6 19. Nc6 Qf8 20. a5 bxc5 21. bxc5 Ne7 22.
Nxa7 Rxa7 23. cxd6 Nc8 24. Qb8 cxd6 25. Bxa7 Nxa7 26. Qxa7 Bb5 27. Qxf7+ Kxf7
28. Bxb5 Qc8 29. Bc6 Nd7 30. Nb5 Bf8 31. Bxd7 Qxd7 32. a6 1-0

[Event "African Individual Championship"]
[Site "?"]
[Date "2005.11.12"]
[Round "7"]
[White "Belkhodja, S (TUN)."]
[Black "Lungu, N (ZAM)."]
[Result "1-0"]
[WhiteElo "2490"]
[BlackElo "2265"]
[PlyCount "117"]
[EventDate "2005.11.04"]
[SourceDate "2005.11.05"]

1. e4 c5 2. Nf3 e6 3. d4 cxd4 4. Nxd4 a6 5. Bd3 Nf6 6. O-O Qc7 7. Qe2 d6 8. b3
e5 9. Nf3 Be7 10. c4 Nc6 11. h3 Nb4 12. Nc3 Nxd3 13. Qxd3 O-O 14. Bg5 Be6 15.
Bxf6 Bxf6 16. Rfd1 Be7 17. Nd5 Bxd5 18. Qxd5 Qc6 19. a4 Qxd5 20. Rxd5 Rfc8 21.
Kf1 f6 22. Ke2 Kf7 23. Nd2 Ke6 24. Nf1 g6 25. g4 Rh8 26. Ng3 Rac8 27. h4 Rc5
28. h5 Rhc8 29. a5 Bf8 30. Rh1 Bg7 31. Kd3 R8c7 32. Ne2 f5 33. gxf5+ gxf5 34.
exf5+ Kxf5 35. Nd4+ Kf6 36. Rxd6+ Ke7 37. Nf5+ Kf7 38. Nxg7 Kxg7 39. Rg1+ Kf7
40. h6 Ke7 41. Rb6 Rd7+ 42. Kc3 Rcc7 43. Rg5 Kf8 44. Rxe5 Rf7 45. Rd5 Rf3+ 46.
Kb4 Ke7 47. Re5+ Kf7 48. Rg5 Kf8 49. Rd5 Ke7 50. Rd2 Rf4 51. Re2+ Kf7 52. Rd6
Rf5 53. Red2 Re7 54. R6d5 Rf3 55. Rd7 Rf6 56. R2d6 Rxd6 57. Rxd6 Re6 58. Rxe6
Kxe6 59. Kc5 1-0

[Event "African Individual Championship"]
[Site "?"]
[Date "2005.11.12"]
[Round "7"]
[White "El Gindy, E (EGY)."]
[Black "Rizouk, A (ALG)."]
[Result "1-0"]
[WhiteElo "2524"]
[BlackElo "2499"]
[Annotator "vd,Gunther"]
[PlyCount "67"]
[EventDate "2005.11.04"]
[SourceDate "2005.11.05"]

1. d4 Nf6 2. Nf3 e6 3. c4 b6 4. g3 Ba6 5. Qa4 c5 6. Bg2 Bb7 7. dxc5 Bxc5 8. O-O
Be7 9. Nc3 Na6 10. Bf4 O-O 11. Rac1 Nc5 12. Qc2 Qc8 13. Rfd1 Nce4 14. Nd4 Nxc3
15. Qxc3 Bxg2 16. Kxg2 Qb7+ 17. Qf3 Ne4 18. Nb5 Bc5 19. Nd6 Bxd6 20. Bxd6 Rfc8
21. Bf4 Rc5 22. Rd4 d5 23. cxd5 exd5 24. Rcd1 Rac8 25. Kg1 h6 26. Be3 R5c6 27.
b4 Rf6 28. Qg2 Rc4 29. Rxc4 dxc4 30. Rd4 Re6 31. Rxc4 Qd5 32. Rc8+ Kh7 33. a3
Rf6 34. Re8 {Notation unclear} 1-0

[Event "African Individual Championship"]
[Site "?"]
[Date "2005.11.12"]
[Round "7"]
[White "Cawdery, DJ (RSA)."]
[Black "Simutowe, A (ZAM)."]
[Result "0-1"]
[WhiteElo "2229"]
[BlackElo "2458"]
[PlyCount "72"]
[EventDate "2005.11.04"]
[SourceDate "2005.11.05"]

1. e4 c5 2. Nf3 d6 3. d4 cxd4 4. Nxd4 Nf6 5. Nc3 a6 6. Be2 e6 7. O-O Qc7 8. Be3
b5 9. a3 Bb7 10. Bd3 d5 11. exd5 Nxd5 12. Nxd5 Bxd5 13. a4 b4 14. c4 bxc3 15.
bxc3 Nd7 16. c4 Bb7 17. c5 Nxc5 18. Rc1 Qe5 19. Nf3 Qd5 20. Be2 Qxd1 21. Rfxd1
Nd7 22. Bd4 Bd5 23. Ne5 Nxe5 24. Bxe5 Ba3 25. Rb1 O-O 26. Rb6 a5 27. Rb5 Bb4
28. Bf3 Bb3 29. Rb1 Rac8 30. Bb7 Bxa4 31. R5xb4 axb4 32. Bxc8 Rxc8 33. h3 b3
34. Ra1 Rc4 35. Kf1 f6 36. Bb2 Bb5 0-1

[Event "African Individual Championship"]
[Site "?"]
[Date "2005.11.12"]
[Round "7"]
[White "Solomon, KT (RSA)."]
[Black "Bouah, LJ (RSA)."]
[Result "0-1"]
[WhiteElo "2353"]
[BlackElo "2134"]
[PlyCount "120"]
[EventDate "2005.11.04"]
[SourceDate "2005.11.05"]

1. e4 c5 2. Nf3 e6 3. d4 cxd4 4. Nxd4 Nf6 5. Nc3 Bb4 6. Bd3 Nc6 7. Nxc6 bxc6 8.
O-O d5 9. e5 Nd7 10. Qg4 Bf8 11. f4 g6 12. b3 Bg7 13. Na4 O-O 14. Ba3 Re8 15.
Kh1 Bb7 16. Rae1 Rc8 17. Nc5 Nxc5 18. Bxc5 Qa5 19. b4 Qd8 20. Re3 a5 21. a3
axb4 22. axb4 Ra8 23. Qe2 Bf8 24. Bxf8 Rxf8 25. Rh3 Qe7 26. Qd2 Ba6 27. Bxa6
Rxa6 28. Rb1 Rb8 29. c3 Qa7 30. Re3 Ra2 31. Qd3 Ra8 32. Re2 Qb6 33. Rd1 R8a3
34. Rxa2 Rxa2 35. Rf1 Kg7 36. Qg3 Qa6 37. Rg1 Re2 38. Qg5 Qa8 39. Qf6+ Kg8 40.
h4 h5 41. c4 d4 42. f5 exf5 43. e6 Rxe6 44. Qxd4 Qf8 45. Ra1 Re4 46. Qf6 Qg7
47. Ra8+ Kh7 48. Qxg7+ Kxg7 49. c5 Rxh4+ 50. Kg1 Rxb4 51. Rc8 Rb2 52. Rxc6 Rc2
53. Kh2 f4 54. Kg1 g5 55. Rc8 g4 56. c6 g3 57. Kf1 h4 58. c7 h3 59. gxh3 f3 60.
Re8 g2+ 0-1

[Event "African Individual Championship"]
[Site "?"]
[Date "2005.11.12"]
[Round "7"]
[White "Jere, D (ZAM)."]
[Black "Mbambara, T (ZAM)."]
[Result "0-1"]
[WhiteElo "2195"]
[BlackElo "2090"]
[PlyCount "122"]
[EventDate "2005.11.04"]
[SourceDate "2005.11.05"]

1. Nf3 c6 2. g3 Nf6 3. Bg2 d6 4. O-O e5 5. d3 Be7 6. c4 a5 7. Nc3 O-O 8. a3 Ne8
9. Rb1 f5 10. b4 axb4 11. axb4 Bf6 12. Qb3 Be6 13. Bb2 Nd7 14. Ra1 Rxa1 15.
Rxa1 b5 16. Nd2 Nb8 17. Qa3 bxc4 18. dxc4 e4 19. e3 Nd7 20. Ne2 Ne5 21. c5 dxc5
22. Bc3 cxb4 23. Bxb4 c5 24. Bc3 Nd3 25. Rd1 Qc7 26. Nf4 Nxf4 27. gxf4 Bxc3 28.
Qxc3 Nf6 29. Rc1 Rc8 30. Nc4 Bxc4 31. Qxc4+ Qf7 32. Qa6 Rc7 33. Bf1 Qg6+ 34.
Bg2 Ne8 35. Qa4 h6 36. h3 Kh7 37. Kh2 Qc6 38. Qa5 Qd6 39. Rc2 Rc8 40. Qa4 g5
41. Qa2 gxf4 42. Rd2 Qc7 43. exf4 Qxf4+ 44. Kh1 Ng7 45. Rc2 Rd8 46. Qa1 Rd2 47.
Qc1 Rxf2 48. Qxf4 Rxf4 49. Rxc5 Rf2 50. Re5 Kg6 51. Kg1 Rd2 52. Bxe4 fxe4 53.
Rxe4 h5 54. Ra4 Kg5 55. Rb4 Ne6 56. Kh1 Nd4 57. Kg1 Kh4 58. Rb7 Kxh3 59. Rg7
Nf5 60. Ra7 Ng3 61. Ra2 Ne2+ 0-1

[Event "African Individual Championship"]
[Site "?"]
[Date "2005.11.12"]
[Round "7"]
[White "Mandizha, F (ZIM)."]
[Black "Andrade, I (MOZ)."]
[Result "1-0"]
[WhiteElo "2242"]
[BlackElo "2111"]
[PlyCount "91"]
[EventDate "2005.11.04"]
[SourceDate "2005.11.05"]

1. d4 Nf6 2. c4 g6 3. Nc3 Bg7 4. e4 d6 5. Be2 O-O 6. Nf3 e5 7. O-O Nc6 8. d5
Ne7 9. Ne1 Ne8 10. Be3 f5 11. f3 f4 12. Bf2 g5 13. Rc1 Ng6 14. c5 h5 15. cxd6
cxd6 16. Nb5 a6 17. Na7 Bd7 18. Qb3 Qb8 19. Qb6 g4 20. Nc6 bxc6 21. dxc6 Qxb6
22. Bxb6 Be6 23. c7 Ne7 24. a4 a5 25. Bb5 Nf6 26. Nd3 Nd7 27. Bf2 Bh6 28. Kh1
g3 29. Bg1 Kf7 30. Rfd1 Nf6 31. h3 Rfc8 32. Rc3 Ne8 33. Bb6 Bg7 34. b4 d5 35.
bxa5 dxe4 36. fxe4 Nd6 37. Nc5 Nxb5 38. axb5 Bf6 39. Rd6 Ba2 40. Nd7 Bg7 41. a6
Bb1 42. Nc5 Bf8 43. Rd1 Ba2 44. Nd7 Ng6 45. Ba5 Be6 46. b6 1-0